| 000 | 00453nam a2200133Ia 4500 | ||
|---|---|---|---|
| 008 | 191014s9999 xx 000 0 und d | ||
| 020 | _a981-023585-2 | ||
| 082 |
_a530.143 _bCHO |
||
| 100 |
_aY. M.Cho, M. Virasoro _920562 |
||
| 245 | 0 | _aProceedings of the APCTP-ICTP Joint International Conference Recent Developments in Nonperturbative Quantum Field Theory | |
| 260 |
_aSingapore _bWorld Scientific Company _c1998 |
||
| 300 | _aXiv,397 | ||
| 942 | _cBK | ||
| 999 |
_c531155 _d531155 |
||